| 000 | 01026nam a22002897a 4500 | ||
|---|---|---|---|
| 999 |
_c12758 _d12758 |
||
| 003 | EG-ScBUE | ||
| 005 | 20210210120752.0 | ||
| 008 | 090820s2003 ua f 000 j ara d | ||
| 017 | _a2003/8552 | ||
| 020 | _a9773054470 | ||
| 040 |
_aEG-ScBUE _bara _erda _cEG-ScBUE _dEG-ScBUE |
||
| 082 | 0 | 4 |
_a892.737 _bم ح م _222 |
| 100 | 1 |
_98743 _aمحمد، حمدي إبراهيم، _eمؤلف. |
|
| 245 | 1 | 0 |
_aإيقاعات مختلفة جدا : _bقصص / _cحمدي إبراهيم محمد. |
| 250 | _aالطبعة الأولى. | ||
| 264 | 1 |
_aالقاهرة : _bالهيئة العامة لقصور الثقافة، _c2003. |
|
| 300 |
_a111 صفحة ؛ _c22 سم. |
||
| 336 |
_2rdacontent _aنص _btxt |
||
| 337 |
_2rdamedia _aبدون وسيط _bn |
||
| 338 |
_2rdacarrier _aمجلد _bnc |
||
| 490 | 0 |
_aإبداعات ؛ _v178 |
|
| 650 | 7 |
_98088 _aالقصص العربية القصيرة _zمصر _yقرن 20. _2BUEsh |
|
| 651 | _2BUEsh | ||
| 653 |
_bARALIT _cFebruary2021 |
||
| 655 |
_vReading book _934232 |
||
| 942 |
_2ddc _cBB |
||